Vol. 625, № 1-2; Nuclear Physics. Ser. A

التفاصيل البيبلوغرافية
Parent link:Nuclear Physics. Ser. A: Nuclear and Hadronic Physics. Vol. 625, № 1-2.— , 1967-1973, 1977, 1998-2002.— 0375-9474
اللغة:الإنجليزية
منشور في: 1997
التنسيق: MixedMaterials كتاب
KOHA link:https://koha.lib.tpu.ru/cgi-bin/koha/opac-detail.pl?biblionumber=563806

MARC

LEADER 00000nam2a2200000 4500
001 563806
005 20231101123534.0
035 |a (RuTPU)RU\TPU\prd\259492 
035 |a RU\TPU\prd\259488 
090 |a 563806 
100 |a 20160621a19979999k y0engy50 ba 
101 1 |a eng 
102 |a US 
200 0 |a Vol. 625, № 1-2 
210 |d 1997 
461 1 |0 (RuTPU)RU\TPU\prd\497  |x 0375-9474  |t Nuclear Physics. Ser. A  |o Nuclear and Hadronic Physics  |o журнал  |v Vol. 625, № 1-2  |d 1967-1973, 1977, 1998-2002 
801 0 |a RU  |b 63413507  |c 20010227  |g PSBO 
801 1 |a RU  |b 63413507  |c 20020228  |g PSBO 
801 2 |a RU  |b 63413507  |c 20160623  |g PSBO 
942 |c BK 
999 |a НТБ_ТПУ  |b НФ  |e -19/20150916  |p П-4531A  |u 0,00  |v 1